New baby, here I come! / (Record no. 401130)
[ view plain ]
| 000 -LEADER | |
|---|---|
| fixed length control field | 01664nam a2200469Ii 4500 |
| 001 - CONTROL NUMBER | |
| control field | 1403564133 |
| 003 - CONTROL NUMBER IDENTIFIER | |
| control field | OCoLC |
| 005 - DATE AND TIME OF LATEST TRANSACTION | |
| control field | 20241010182154.0 |
| 008 - FIXED-LENGTH DATA ELEMENTS--GENERAL INFORMATION | |
| fixed length control field | 231016s2023 nyua b 000 0 eng |
| 010 ## - LIBRARY OF CONGRESS CONTROL NUMBER | |
| LC control number | 2023015818 |
| 020 ## - INTERNATIONAL STANDARD BOOK NUMBER | |
| International Standard Book Number | 9780593387238 |
| Qualifying information | pbk. |
| 020 ## - INTERNATIONAL STANDARD BOOK NUMBER | |
| International Standard Book Number | 0593387236 |
| Qualifying information | pbk. |
| 020 ## - INTERNATIONAL STANDARD BOOK NUMBER | |
| International Standard Book Number | 9781516041985 |
| Qualifying information | Follett bdg. |
| 020 ## - INTERNATIONAL STANDARD BOOK NUMBER | |
| International Standard Book Number | 1516041984 |
| Qualifying information | Follett bdg. |
| 035 ## - SYSTEM CONTROL NUMBER | |
| System control number | (OCoLC)1403564133 |
| 040 ## - CATALOGING SOURCE | |
| Original cataloging agency | DLC |
| Language of cataloging | eng |
| Description conventions | rda |
| Transcribing agency | RS$ |
| Modifying agency | RS$ |
| 050 00 - LIBRARY OF CONGRESS CALL NUMBER | |
| Classification number | PS3619.T47618 |
| Item number | N39 2023 |
| 082 00 - DEWEY DECIMAL CLASSIFICATION NUMBER | |
| Classification number | 811/.6 |
| Edition number | 23/eng/20230524 |
| 092 ## - LOCALLY ASSIGNED DEWEY CALL NUMBER (OCLC) | |
| Classification number | children nonfiction |
| Item number | Steinberg |
| 100 1# - MAIN ENTRY--PERSONAL NAME | |
| Personal name | Steinberg, David, |
| Dates associated with a name | 1962- |
| Relator term | author. |
| 9 (RLIN) | 5950524 |
| 245 10 - TITLE STATEMENT | |
| Title | New baby, here I come! / |
| Statement of responsibility, etc | by D.J. Steinberg ; illustrated by John Joven. |
| 264 #1 - Production, Publication, Distribution, Manufacture, and Copyright Notice. | |
| Place of production, publication, distribution, manufacture | New York : |
| Name of producer, publisher, distributor, manufacturer | Grosset & Dunlap, |
| Date of production, publication, distribution, manufacture, or copyr | 2023. |
| 300 ## - PHYSICAL DESCRIPTION | |
| Extent | 32 pages : |
| Other physical details | color illustrations ; |
| Dimensions | 21 cm. |
| 336 ## - Content Type | |
| Content type term | text |
| 336 ## - Content Type | |
| Content type term | still image |
| 337 ## - Media type | |
| Media type term | unmediated |
| 338 ## - Carrier type | |
| Carrier type term | volume |
| 490 1# - SERIES STATEMENT | |
| Series statement | Here I come! |
| 500 ## - GENERAL NOTE | |
| General note | "Ages 3 and up"--Back cover. |
| 500 ## - GENERAL NOTE | |
| General note | May include stickers. |
| 520 ## - SUMMARY, ETC. | |
| Summary, etc | A collection of poems that celebrate the arrival and first years of the newest family member. |
| 650 #0 - SUBJECT ADDED ENTRY--TOPICAL TERM | |
| Topical term or geographic name as entry element | Families |
| Form subdivision | Juvenile poetry. |
| 9 (RLIN) | 6363739 |
| 650 #0 - SUBJECT ADDED ENTRY--TOPICAL TERM | |
| Topical term or geographic name as entry element | Infants |
| Form subdivision | Juvenile poetry. |
| 9 (RLIN) | 6495174 |
| 650 #0 - SUBJECT ADDED ENTRY--TOPICAL TERM | |
| Topical term or geographic name as entry element | Children's poetry, American. |
| 650 #1 - SUBJECT ADDED ENTRY--TOPICAL TERM | |
| Topical term or geographic name as entry element | Family life |
| Form subdivision | Poetry. |
| 9 (RLIN) | 6363748 |
| 650 #1 - SUBJECT ADDED ENTRY--TOPICAL TERM | |
| Topical term or geographic name as entry element | Babies |
| Form subdivision | Poetry. |
| 9 (RLIN) | 6495175 |
| 655 #7 - INDEX TERM--GENRE/FORM | |
| Genre/form data or focus term | Picture books. |
| Source of term | lcgft |
| 655 #7 - INDEX TERM--GENRE/FORM | |
| Genre/form data or focus term | Poetry. |
| Source of term | lcgft |
| 9 (RLIN) | 5675412 |
| 700 1# - ADDED ENTRY--PERSONAL NAME | |
| Personal name | Joven, John, |
| Relator term | illustrator. |
| 9 (RLIN) | 5813970 |
| 800 1# - SERIES ADDED ENTRY--PERSONAL NAME | |
| Personal name | Steinberg, David, |
| Dates associated with a name | 1962- |
| Title of a work | Here I come! |
| 9 (RLIN) | 6386895 |
| 942 ## - ADDED ENTRY ELEMENTS (KOHA) | |
| Source of classification or shelving scheme | Dewey Decimal Classification |
| Koha item type | BOOK |
| Withdrawn status | Lost status | Source of classification or shelving scheme | Damaged status | Not for loan | Collection code | Home library | Current library | Shelving location | Date acquired | Source of acquisition | Total Checkouts | Total Renewals | Full call number | Barcode | Checked out | Date last seen | Date checked out | Cost, replacement price | Price effective from | Koha item type |
|---|---|---|---|---|---|---|---|---|---|---|---|---|---|---|---|---|---|---|---|---|
| Dewey Decimal Classification | Children NonFiction | Wasatch County Library | Wasatch County Library | Main Floor Childrens Area | 10/10/2024 | Penworthy | 3 | 4 | E Family Steinberg | 34301002133629 | 04/28/2026 | 03/02/2026 | 03/02/2026 | 19.96 | 10/10/2024 | BOOK |
